000 00278nam a22001337a 4500
008 170504b xxu||||| |||| 00| 0 eng d
020 _a9780737701470
041 _aeng
080 _a343
100 _a14
101 _aSHJ
245 _aPRISONS
_cGRAPES, B.J
942 _2udc
_cBK
999 _c12659
_d12659